Verwaltung und Verwaltungswissenschaft in Deutschland Einführung in die Verwaltungswissenschaft
Saved in:
| Main Author: | |
|---|---|
| Other Authors: | |
| Format: | Book |
| Language: | German |
| Published: |
Wiesbaden
VS Verlag für Sozialwissenschaften
2009
|
| Edition: | 2. völlig überarb. Aufl. |
| Series: | Grundwissen Politik
Band 36 |
| Subjects: | |
| Tags: |
No Tags, Be the first to tag this record!
|
MARC
| LEADER | 00000nam a2200000 4500 | ||
|---|---|---|---|
| 001 | 0135483 | ||
| 005 | 20240226134355.0 | ||
| 020 | |a 978-3-531-16172-3 | ||
| 041 | 0 | |a ger | |
| 044 | |a DE | ||
| 245 | 1 | 0 | |a Verwaltung und Verwaltungswissenschaft in Deutschland |b Einführung in die Verwaltungswissenschaft |c Jörg Bogumil, Werner Jann |
| 250 | |a 2. völlig überarb. Aufl. | ||
| 264 | 1 | |a Wiesbaden |b VS Verlag für Sozialwissenschaften |c 2009 | |
| 300 | |a 357 s. | ||
| 490 | 1 | |a Grundwissen Politik |v Band 36 | |
| 830 | 0 | |a Grundwissen Politik |v Band 36 | |
| 610 | 2 | 0 | |a štát |
| 610 | 2 | 0 | |a správa štátna |
| 610 | 2 | 0 | |a správa verejná |
| 610 | 2 | 0 | |a internacionalizácia |
| 610 | 2 | 0 | |a sektor verejný |
| 610 | 2 | 0 | |a reformy |
| 610 | 2 | 0 | |a politika verejná |
| 610 | 2 | 0 | |a demokracia |
| 610 | 2 | 0 | |a Nemecko |
| 100 | 1 | |a Bogumil, Jörg | |
| 700 | 1 | |a Jann, Werner | |